| 000 | 00381cam a2200145ua 4500 | ||
|---|---|---|---|
| 020 | _a81-207-0932-2 | ||
| 020 | _a9788120737143 | ||
| 082 |
_a664 _bRAH/TE |
||
| 100 |
_aRaheena , Begum . _9458 |
||
| 245 | _aText book of Foods, Nutrition and Dietetics / | ||
| 250 | _a2 / 3 | ||
| 260 |
_aDelhi : _bSterling Publishers Pvt Ltd , _c1991. _c2012 |
||
| 300 | _a356 ; . | ||
| 942 | _cBK | ||
| 999 |
_c10262 _d10262 |
||